| 000 | 01037nam a22002537a 4500 | ||
|---|---|---|---|
| 005 | 20170124103009.0 | ||
| 010 | _aB-257163 | ||
| 020 |
_c175.00 _a8188031046 |
||
| 035 | _aB-257163 | ||
| 037 | _bCen Lib/Ret | ||
| 040 |
_aDPL _bHN |
||
| 082 |
_aक _bबसुसौ |
||
| 100 |
_aबासु, सौरेंद नाथ _954275 |
||
| 245 |
_aभारत की लोककथाएं / _cसौरेंद नाथ बासु |
||
| 246 |
_aBharat ki lokkathaiyan / _bby S. Basu |
||
| 260 |
_aदिल्ली _bमनीष प्रकाशन _c2007 |
||
| 270 |
_aसी-8/174, यमुना विहार _bदिल्ली _e110053 |
||
| 300 |
_a160पृ. : _c21सेमी (सजिल्द) _bसचित्र |
||
| 650 |
_aहिंदी साहित्य _957009 |
||
| 650 |
_aहिंदी साहित्य --कहानियां _942761 |
||
| 650 |
_aHindi literature _957010 |
||
| 650 |
_aHindi literature--Stories _957011 |
||
| 942 |
_2ddc _cHN _hक _mबसुसौ |
||
| 999 |
_c114489 _d114489 |
||